000 00793nam a2200253Ia 4500
003 OSt
005 20220925204534.0
006 a|||||r|||| 00| 0
007 ta
008 220923b |||||||| |||| 00| 0 eng d
037 _cGeneral Book
040 _aRTL
_cRTL
_beng
041 _2eng
_aeng
082 _aU44.252RM.N7, L7
100 _aSingh Sant Bahadur
_9268696
245 0 _aRural settlement geography
_b A case study of sulta
260 _aGorakhpur
_bUttar Bharat Bhoogol Parishad India
_c1977
300 _a177p.
_ccm.
490 _aUttar Bharat Bhoogol Parishad Research Series. 2
500 _aBib p. 106-13; Glossary p. 114
650 _aRural Geography
942 _hU44.252RM.N7, L7
_cGB
_2CC
999 _c549674
_d549674